Statistiques concernant Pays du Monde

Cliquez ici pour prendre le quiz!

Statistiques générales

  • Ce quiz a été pris 137 fois
  • Le résultat moyen est 169 sur 198

Statistiques - réponses

Pays% Correct
Japon
95%
Australie
93%
Espagne
93%
Russie
93%
Canada
93%
Chine
93%
Suède
93%
Italie
93%
France
93%
Autriche
93%
Costa Rica
93%
Arménie
93%
Venezuela
93%
Égypte
93%
Kenya
93%
Finlande
93%
Équateur
91%
États-Unis
91%
Portugal
91%
Gambie
91%
Haïti
91%
Paraguay
91%
Nouvelle-Zélande
91%
Norvège
91%
Corée du Nord
91%
Corée du Sud
91%
Danemark
91%
Mexique
91%
Afrique du Sud
91%
Roumanie
91%
République Dominicaine
91%
République tchèque / Tchéquie
91%
Inde
91%
Viêt Nam
91%
Allemagne
91%
Vatican
91%
Uruguay
91%
Indonésie
91%
Turquie
91%
Tunisie
91%
Syrie
91%
Suriname
91%
Suisse
91%
Belgique
91%
Slovénie
91%
Irlande
91%
Serbie
91%
Bolivie
91%
Islande
91%
Afghanistan
91%
Irak
89%
Iran
89%
Jordanie
89%
Laos
89%
Pays-Bas
89%
Liban
89%
République du Congo/RC
89%
Zambie
89%
Ukraine
89%
Thaïlande
89%
Slovaquie
89%
Seychelles
89%
Sénégal
89%
République démocratique du Congo/ RDC
89%
Madagascar
89%
Pologne
89%
Philippines
89%
Nigeria
89%
Niger
89%
Maroc
89%
Mali
89%
Honduras
89%
Libye
89%
Guyana
89%
Algérie
89%
Bosnie-Herzégovine
89%
Chili
89%
Bahamas
89%
Géorgie
89%
Cuba
89%
Colombie
89%
Guatemala
89%
Guinée
89%
Albanie
89%
Guinée équatoriale
89%
Cambodge
86%
Lituanie
86%
Monaco
86%
Sainte-Lucie
86%
Malaisie
86%
Royaume-Uni
86%
Pérou
86%
Qatar
86%
Brésil
86%
Burkina Faso
86%
Somalie
86%
Mauritanie
86%
République centrafricaine
86%
Népal
86%
Soudan
86%
Argentine
86%
Pakistan
86%
Guinée-Bissau
86%
Grèce
86%
Israël
86%
Andorre
86%
Arabie Saoudite
86%
Turkménistan
86%
Soudan du Sud
86%
Togo
86%
Kosovo
86%
Croatie
86%
Chypre
86%
Monténégro
86%
Lettonie
86%
Mongolie
86%
Cameroun
84%
Hongrie
84%
Singapour
84%
Bulgarie
84%
Rwanda
84%
Saint-Marin
84%
Sri Lanka
84%
Belize
84%
Tchad
84%
Azerbaïdjan
84%
Yémen
84%
Ouzbékistan
84%
Zimbabwe
84%
Macédoine
84%
Gabon
84%
Estonie
84%
Malte
84%
Lesotho
84%
Éthiopie
84%
Malawi
84%
Moldavie
84%
Kazakhstan
84%
Namibie
84%
Maldives
84%
Nicaragua
84%
Jamaïque
84%
Côte d’Ivoire
84%
Ghana
84%
Comores
84%
Liberia
84%
Bhoutan
82%
Érythrée
82%
Liechtenstein
82%
Birmanie/Myanmar
82%
Oman
82%
Tanzanie
82%
Luxembourg
82%
Tuvalu
82%
Antigua-et-Barbuda
82%
Angola
82%
Koweït
82%
Biélorussie
82%
Panama
82%
Burundi
82%
Émirats arabes unis
82%
Mozambique
82%
Micronésie
82%
Dominique
82%
Grenade
80%
Nauru
80%
Cap-Vert
80%
Fidji
80%
Samoa
80%
Bahreïn
80%
Barbade
80%
Salvador
80%
Botswana
80%
Ouganda
80%
Bénin
80%
Sierra Leone
80%
Djibouti
77%
Tonga
77%
Palaos
77%
Papouasie-Nouvelle-Guinée
77%
Brunei
77%
Saint-Vincent-et-les-Grenadines
77%
Kirghizistan
77%
Swaziland
77%
Timor oriental
75%
Kiribati
75%
Tadjikistan
75%
Bangladesh
75%
Îles Marshall
75%
Maurice
75%
Trinité-et-Tobago
73%
Salomon
73%
Vanuatu
73%
São Tomé-et-Principe
70%
Palestine
50%
Niue
50%
Îles Cook
50%
Saint-Kitts-et-Nevis
43%

Distribution des résultats

Percentile par nombre de réponses

% des personnes avec chaque résultat

Votre développement - résultats

Vous n’avez pas pris ce quiz